Виброзащита прецизионного оборудования автоматизированных линий; Областная научно-практическая конференция молодежи и студентов по техническим наукам и высоким технологиям

書誌詳細
Parent link:Областная научно-практическая конференция молодежи и студентов по техническим наукам и высоким технологиям.— 1995.— С. 49
第一著者: Говорин Р. А.
その他の著者: Гаврилин А. Н. Алексей Николаевич, Иоппа А. В. Александр Валентинович
言語:ロシア語
出版事項: 1995
主題:
フォーマット: 図書の章
KOHA link:https://koha.lib.tpu.ru/cgi-bin/koha/opac-detail.pl?biblionumber=276397

MARC

LEADER 00000naa2a2200000 4500
001 276397
005 20260119090336.0
035 |a (RuTPU)RU\TPU\book\299657 
035 |a RU\TPU\book\299653 
090 |a 276397 
100 |a 20141121d1995 k y0rusy50 ca 
101 0 |a rus 
102 |a RU 
200 1 |a Виброзащита прецизионного оборудования автоматизированных линий  |f Р. А. Говорин, А. Н. Гаврилин, А. В. Иоппа 
463 0 |0 (RuTPU)RU\TPU\book\262  |t Областная научно-практическая конференция молодежи и студентов по техническим наукам и высоким технологиям  |o тезисы докладов  |f под ред. Б. В. Лукутина  |v С. 49  |d 1995 
610 1 |a труды учёных ТПУ 
700 1 |a Говорин  |b Р. А. 
701 1 |a Гаврилин  |b А. Н.  |c специалист в области машиностроения  |c доцент Томского политехнического университета, кандидат технических наук  |f 1960-  |g Алексей Николаевич  |3 (RuTPU)RU\TPU\pers\28206  |9 13160 
701 1 |a Иоппа  |b А. В.  |c специалист в области машиностроения  |c доцент Томского политехнического университета  |g Александр Валентинович  |3 (RuTPU)RU\TPU\pers\26721 
801 1 |a RU  |b 63413507  |c 20140506 
801 2 |a RU  |b 63413507  |c 20141121  |g RCR 
942 |c BK